[Event "43. Olimpiada Batumi 2018 Femenina"]
[Site "Batumi GEO"]
[Date "2018.10.04"]
[Round "10.3"]
[White "Ivekovic, Tihana"]
[Black "Szczepkowska, Karina"]
[Result "0-1"]
[WhiteElo "2114"]
[BlackElo "2407"]
[PlyCount "64"]
[EventDate "2018.09.24"]
[EventType "team-swiss"]
[EventRounds "11"]
[EventCountry "GEO"]
[SourceTitle "Ajedrez en Madrid"]
[Source "lmi"]
[SourceDate "2018.09.24"]
[WhiteTeam "Croatia"]
[BlackTeam "Poland"]
[WhiteTeamCountry "CRO"]
[BlackTeamCountry "POL"]

1. d4 Nf6 2. c4 e6 3. g3 c5 4. Nf3 cxd4 5. Nxd4 Bb4+ 6. Bd2 Qb6 7. e3 O-O 8.
Bg2 Nc6 9. O-O Be7 10. Bc3 d6 11. Qe2 e5 12. Nf3 h6 13. h3 Be6 14. Nbd2 a5 15.
Rfc1 Nd7 16. Ne1 Qa6 17. Nd3 Rac8 18. b3 Nf6 19. Qf1 Rfd8 20. Bb2 Qa7 21. Qe1
Qb8 22. Nf1 d5 23. cxd5 Nxd5 24. e4 Ndb4 25. Nxb4 Nxb4 26. Ne3 Bc5 27. Qe2 Nd3
28. Bc3 Nxc1 29. Rxc1 Bb4 30. Qb2 Qc7 31. Nc4 Bxc3 32. Qxc3 b5 0-1

[Event "43. Olimpiada Batumi 2018 Femenina"]
[Site "Batumi GEO"]
[Date "2018.10.04"]
[Round "10.4"]
[White "Kulon, Klaudia"]
[Black "Cvitan, Ena"]
[Result "1/2-1/2"]
[WhiteElo "2347"]
[BlackElo "2009"]
[PlyCount "82"]
[EventDate "2018.09.24"]
[EventType "team-swiss"]
[EventRounds "11"]
[EventCountry "GEO"]
[SourceTitle "Ajedrez en Madrid"]
[Source "lmi"]
[SourceDate "2018.09.24"]
[WhiteTeam "Poland"]
[BlackTeam "Croatia"]
[WhiteTeamCountry "POL"]
[BlackTeamCountry "CRO"]

1. c4 e6 2. g3 d5 3. Bg2 Nf6 4. Nf3 dxc4 5. Na3 Bxa3 6. bxa3 O-O 7. O-O b5 8.
Ne5 c6 9. Nxc6 Nxc6 10. Bxc6 Rb8 11. a4 b4 12. d3 cxd3 13. Qxd3 Qxd3 14. exd3
Bb7 15. Bb5 Nd5 16. Bd2 Rfc8 17. Rfc1 Nc3 18. Bxc3 Rxc3 19. Rxc3 bxc3 20. Rc1
Bd5 21. Bc4 c2 22. Bb3 Bxb3 23. axb3 Rxb3 24. Rxc2 g6 25. Rc7 Rxd3 26. Rxa7 Ra3
27. h4 h5 28. Kf1 Ra2 29. a5 Kg7 30. a6 Kf6 31. Ke1 Kg7 32. f3 e5 33. Ra8 f5
34. Ra7+ Kf6 35. f4 e4 36. Kd1 e3 37. Ke1 Ke6 38. Ra8 Kf7 39. Kf1 Rf2+ 40. Ke1
Ra2 41. a7 Kg7 1/2-1/2

[Event "43. Olimpiada Batumi 2018 Femenina"]
[Site "Batumi GEO"]
[Date "2018.10.04"]
[Round "10.1"]
[White "Paehtz, Elisabeth"]
[Black "Tokhirjonova, Gulrukhbegim"]
[Result "1/2-1/2"]
[WhiteElo "2513"]
[BlackElo "2369"]
[PlyCount "108"]
[EventDate "2018.09.24"]
[EventType "team-swiss"]
[EventRounds "11"]
[EventCountry "GEO"]
[SourceTitle "Ajedrez en Madrid"]
[Source "lmi"]
[SourceDate "2018.09.24"]
[WhiteTeam "Germany"]
[BlackTeam "Uzbekistan"]
[WhiteTeamCountry "GER"]
[BlackTeamCountry "UZB"]

1. d4 e6 2. c4 b6 3. a3 Bb7 4. Nc3 d5 5. cxd5 exd5 6. Nf3 Nf6 7. Qa4+ c6 8. Bg5
Be7 9. e3 O-O 10. Be2 Ne4 11. Bf4 c5 12. O-O a6 13. dxc5 Nxc3 14. bxc3 Bxc5 15.
Rfd1 Qe7 16. Nd4 b5 17. Qb3 Nc6 18. a4 Bxd4 19. cxd4 Na5 20. Qc3 Nc4 21. Rab1
Bc6 22. Bxc4 bxc4 23. Qa5 Qd7 24. Ra1 Rfc8 25. Rdb1 Qd8 26. Qxd8+ Rxd8 27. Kf1
Bd7 28. Ke2 Rdc8 29. Rb6 c3 30. Rd6 Be6 31. a5 Kf8 32. f3 Ke7 33. Rb6 Kd7 34.
Rb7+ Ke8 35. Bd6 Rc4 36. Bc5 Kd8 37. Kd3 Kc8 38. Rb4 Rb8 39. Rab1 Bf5+ 40. e4
Rbxb4 41. Rxb4 Rxb4 42. Bxb4 c2 43. Ba3 Bg6 44. Ke3 dxe4 45. fxe4 f6 46. d5 h5
47. g3 Kd7 48. h4 Bh7 49. Kd4 Bg6 50. Bc1 Bh7 51. Bf4 Bg6 52. e5 fxe5+ 53. Kxe5
Bd3 54. Kd4 Bf5 1/2-1/2

[Event "43. Olimpiada Batumi 2018 Femenina"]
[Site "Batumi GEO"]
[Date "2018.10.04"]
[Round "10.2"]
[White "Kurbonboeva, Sarvinoz"]
[Black "Osmanodja, Filiz"]
[Result "1-0"]
[WhiteElo "2202"]
[BlackElo "2348"]
[PlyCount "107"]
[EventDate "2018.09.24"]
[EventType "team-swiss"]
[EventRounds "11"]
[EventCountry "GEO"]
[SourceTitle "Ajedrez en Madrid"]
[Source "lmi"]
[SourceDate "2018.09.24"]
[WhiteTeam "Uzbekistan"]
[BlackTeam "Germany"]
[WhiteTeamCountry "UZB"]
[BlackTeamCountry "GER"]

1. d4 Nf6 2. c4 e6 3. g3 d5 4. Nf3 Bb4+ 5. Bd2 Be7 6. Bg2 O-O 7. O-O Nbd7 8.
Qc2 c6 9. Bf4 Ne4 10. Nc3 g5 11. Bc1 f5 12. Rd1 g4 13. Ne5 Nxe5 14. dxe5 Qe8
15. Bh6 Rf7 16. Qc1 Kh8 17. f3 gxf3 18. exf3 Nc5 19. Ne2 Nd7 20. cxd5 cxd5 21.
Qc3 Nb6 22. b3 Bd7 23. Nd4 Rc8 24. Qb2 Bb4 25. Rac1 Qe7 26. Rxc8+ Bxc8 27. Qc1
Bc5 28. Bf1 Qc7 29. Kg2 Bxd4 30. Qxc7 Rxc7 31. Rxd4 Rc2+ 32. Rd2 Rxd2+ 33. Bxd2
Bd7 34. Be3 Nc8 35. h3 Kg7 36. g4 fxg4 37. hxg4 Be8 38. f4 Bg6 39. Bb5 Be4+ 40.
Kg3 Kf7 41. Bd7 Nb6 42. Bxb6 axb6 43. f5 exf5 44. gxf5 d4 45. Kf4 d3 46. Ke3 h5
47. f6 Bg6 48. Bb5 h4 49. Bc4+ Kf8 50. e6 Ke8 51. Bb5+ Kf8 52. e7+ Kg8 53. Bc4+
Kh8 54. f7 1-0

[Event "43. Olimpiada Batumi 2018 Femenina"]
[Site "Batumi GEO"]
[Date "2018.10.04"]
[Round "10.3"]
[White "Hoolt, Sarah"]
[Black "Gevorgyan, Irina"]
[Result "1/2-1/2"]
[WhiteElo "2355"]
[BlackElo "2265"]
[PlyCount "61"]
[EventDate "2018.09.24"]
[EventType "team-swiss"]
[EventRounds "11"]
[EventCountry "GEO"]
[SourceTitle "Ajedrez en Madrid"]
[Source "lmi"]
[SourceDate "2018.09.24"]
[WhiteTeam "Germany"]
[BlackTeam "Uzbekistan"]
[WhiteTeamCountry "GER"]
[BlackTeamCountry "UZB"]

1. e4 c5 2. Nf3 e6 3. d4 cxd4 4. Nxd4 Nc6 5. Nc3 d6 6. Be3 Nf6 7. f4 Be7 8. Qf3
e5 9. Nxc6 bxc6 10. fxe5 dxe5 11. Bc4 O-O 12. h3 Qa5 13. O-O Bc5 14. Rae1 Bxe3+
15. Rxe3 Qc5 16. Qe2 Qe7 17. Na4 Be6 18. Bxe6 Qxe6 19. Nc5 Qe7 20. Qc4 Rad8 21.
Rd3 Nh5 22. Rxd8 Qxd8 23. Nd3 Qd6 24. Rf5 Ng3 25. Rxe5 Qf6 26. Qc5 Ne2+ 27. Kh2
g6 28. Qe3 Qd6 29. Qc5 Qf6 30. Qf2 Qd6 31. Qc5 1/2-1/2

[Event "43. Olimpiada Batumi 2018 Femenina"]
[Site "Batumi GEO"]
[Date "2018.10.04"]
[Round "10.4"]
[White "Baymuratova, Sevara"]
[Black "Fuchs, Judith"]
[Result "0-1"]
[WhiteElo "2124"]
[BlackElo "2274"]
[PlyCount "104"]
[EventDate "2018.09.24"]
[EventType "team-swiss"]
[EventRounds "11"]
[EventCountry "GEO"]
[SourceTitle "Ajedrez en Madrid"]
[Source "lmi"]
[SourceDate "2018.09.24"]
[WhiteTeam "Uzbekistan"]
[BlackTeam "Germany"]
[WhiteTeamCountry "UZB"]
[BlackTeamCountry "GER"]

1. d4 Nf6 2. c4 e6 3. Nf3 Bb4+ 4. Bd2 Qe7 5. a3 Bxd2+ 6. Qxd2 d6 7. g3 e5 8.
dxe5 dxe5 9. Nc3 O-O 10. Bg2 Rd8 11. Qg5 Nc6 12. O-O h6 13. Qc1 e4 14. Ne1 Na5
15. Nc2 Nb3 16. Qf4 Nxa1 17. Rxa1 g5 18. Qe3 Bf5 19. f3 Re8 20. Nd4 Bg6 21.
fxe4 c6 22. Rf1 Nxe4 23. Bxe4 Bxe4 24. Nxe4 Qxe4 25. Qf2 Qe3 26. Nf5 Qxf2+ 27.
Rxf2 Re6 28. c5 Rd8 29. Nd6 Rd7 30. e4 b6 31. b4 bxc5 32. bxc5 Re5 33. Rc2 Rd8
34. Kf2 Rb8 35. Ke3 Rb3+ 36. Kd4 Re6 37. Nc4 f6 38. Ra2 Rb1 39. Re2 Rd1+ 40.
Kc3 Kg7 41. Nd6 Re5 42. Kc4 Rc1+ 43. Kd4 Rexc5 44. Rb2 Re5 45. Rb7+ Kg6 46. Rd7
Rd1+ 47. Kc4 Rxe4+ 48. Nxe4 Rxd7 49. Kc5 Rd3 50. a4 f5 51. Nd6 Rxd6 52. Kxd6 f4
0-1

[Event "43. Olimpiada Batumi 2018 Femenina"]
[Site "Batumi GEO"]
[Date "2018.10.04"]
[Round "10.1"]
[White "Sebag, Marie"]
[Black "Castrillon Gomez, Melissa"]
[Result "1-0"]
[WhiteElo "2480"]
[BlackElo "2248"]
[PlyCount "63"]
[EventDate "2018.09.24"]
[EventType "team-swiss"]
[EventRounds "11"]
[EventCountry "GEO"]
[SourceTitle "Ajedrez en Madrid"]
[Source "lmi"]
[SourceDate "2018.09.24"]
[WhiteTeam "France"]
[BlackTeam "Colombia"]
[WhiteTeamCountry "FRA"]
[BlackTeamCountry "COL"]

1. e4 e5 2. Nf3 Nc6 3. Bb5 a6 4. Ba4 Nf6 5. O-O b5 6. Bb3 Be7 7. Re1 d6 8. c3
O-O 9. h3 Nb8 10. d4 Nbd7 11. c4 c6 12. Qc2 Bb7 13. Nc3 exd4 14. Nxd4 Nb6 15.
cxb5 axb5 16. Nf5 c5 17. Nxb5 c4 18. Bxc4 Rc8 19. b3 Bxe4 20. Nxe7+ Qxe7 21.
Qd2 Nxc4 22. bxc4 Rxc4 23. Nxd6 Ra4 24. Bb2 Rd8 25. Rad1 Qc7 26. Bxf6 gxf6 27.
Qe3 Rxd6 28. Qg3+ Bg6 29. Rxd6 Rxa2 30. Qf4 Qc3 31. Re8+ Kg7 32. Rdd8 1-0

[Event "43. Olimpiada Batumi 2018 Femenina"]
[Site "Batumi GEO"]
[Date "2018.10.04"]
[Round "10.2"]
[White "Rivera, Ingris"]
[Black "Skripchenko, Almira"]
[Result "0-1"]
[WhiteElo "2227"]
[BlackElo "2414"]
[PlyCount "140"]
[EventDate "2018.09.24"]
[EventType "team-swiss"]
[EventRounds "11"]
[EventCountry "GEO"]
[SourceTitle "Ajedrez en Madrid"]
[Source "lmi"]
[SourceDate "2018.09.24"]
[WhiteTeam "Colombia"]
[BlackTeam "France"]
[WhiteTeamCountry "COL"]
[BlackTeamCountry "FRA"]

1. d4 d5 2. Nf3 c5 3. e3 e6 4. b3 Nf6 5. Bb2 Nc6 6. Nbd2 Bd6 7. Bd3 O-O 8. O-O
b6 9. Ne5 Bb7 10. a3 Rc8 11. f4 Ne7 12. Rf3 c4 13. bxc4 dxc4 14. Ndxc4 Bxf3 15.
Qxf3 Bc7 16. Qh3 b5 17. Ng4 Nf5 18. Nce5 Nxg4 19. Nxg4 Qh4 20. Qf3 Bb6 21. Ne5
Qe7 22. Qh3 f6 23. Nf3 g6 24. Nh4 Nxh4 25. Qxh4 Ba5 26. Rf1 Bc3 27. Bc1 Rb8 28.
Qg3 f5 29. h4 Qg7 30. Qf3 Rb6 31. d5 Qe7 32. h5 Rd8 33. hxg6 hxg6 34. dxe6 Qxe6
35. e4 Bd4+ 36. Kh2 Kg7 37. Be3 fxe4 38. Bxe4 Bxe3 39. Qxe3 Re8 40. Qc3+ Qf6
41. Qxf6+ Kxf6 42. Bd3 Rh8+ 43. Kg3 Rc8 44. f5 gxf5 45. Rxf5+ Ke6 46. Kf4 Rc3
47. g4 Rxa3 48. Bxb5 Rc3 49. Bd3 Rb4+ 50. Kg5 Rc8 51. Rf6+ Ke7 52. Rg6 a5 53.
Bf5 Ra8 54. Re6+ Kd8 55. Rd6+ Kc7 56. Rd7+ Kb6 57. Kf6 a4 58. Rd6+ Kc5 59. Rd1
a3 60. Ra1 Ra6+ 61. Ke5 a2 62. Be6 Rb1 63. Rxa2 Re1+ 64. Kf5 Raxe6 65. g5 R1e5+
66. Kf4 Kd6 67. Ra7 Rc5 68. Ra6+ Ke7 69. Ra7+ Kf8 70. Rd7 Rg6 0-1

[Event "43. Olimpiada Batumi 2018 Femenina"]
[Site "Batumi GEO"]
[Date "2018.10.04"]
[Round "10.3"]
[White "Guichard, Pauline"]
[Black "Rodriguez Rueda, Paula Andrea"]
[Result "1-0"]
[WhiteElo "2390"]
[BlackElo "2298"]
[PlyCount "101"]
[EventDate "2018.09.24"]
[EventType "team-swiss"]
[EventRounds "11"]
[EventCountry "GEO"]
[SourceTitle "Ajedrez en Madrid"]
[Source "lmi"]
[SourceDate "2018.09.24"]
[WhiteTeam "France"]
[BlackTeam "Colombia"]
[WhiteTeamCountry "FRA"]
[BlackTeamCountry "COL"]

1. c4 e6 2. Nf3 d5 3. e3 Nf6 4. Nc3 c5 5. cxd5 Nxd5 6. Nxd5 Qxd5 7. b3 Be7 8.
Bb2 O-O 9. Bc4 Qd8 10. O-O Nc6 11. d4 cxd4 12. Nxd4 Nxd4 13. Bxd4 Bf6 14. Qe2
Bxd4 15. Rad1 Qf6 16. Rxd4 e5 17. Rd2 Be6 18. Bxe6 Qxe6 19. Rfd1 h6 20. Qf3 Qb6
21. Qe4 Rfe8 22. Rd7 Rad8 23. h3 Rb8 24. Kh2 a6 25. R1d6 Qc5 26. Qf5 Rf8 27.
Rg6 Kh8 28. Rxf7 Rxf7 29. Qxf7 Qf8 30. Qc7 e4 31. Qe5 Kg8 32. Qe6+ Qf7 33.
Qxf7+ Kxf7 34. Rb6 Ke7 35. Rb4 b5 36. Rxe4+ Kd6 37. Rg4 Kc5 38. b4+ Kd5 39.
Rxg7 Kc4 40. Rg4+ Kc3 41. Rd4 Ra8 42. f4 Re8 43. f5 Rxe3 44. f6 Re8 45. Rd6
Kxb4 46. Rxa6 Kc5 47. g4 Kd5 48. Kg3 Re3+ 49. Kf4 Rxh3 50. f7 Rh1 51. Ra3 1-0

[Event "43. Olimpiada Batumi 2018 Femenina"]
[Site "Batumi GEO"]
[Date "2018.10.04"]
[Round "10.4"]
[White "Franco Valencia, Angela"]
[Black "Milliet, Sophie"]
[Result "1/2-1/2"]
[WhiteElo "2188"]
[BlackElo "2389"]
[PlyCount "60"]
[EventDate "2018.09.24"]
[EventType "team-swiss"]
[EventRounds "11"]
[EventCountry "GEO"]
[SourceTitle "Ajedrez en Madrid"]
[Source "lmi"]
[SourceDate "2018.09.24"]
[WhiteTeam "Colombia"]
[BlackTeam "France"]
[WhiteTeamCountry "COL"]
[BlackTeamCountry "FRA"]

1. e4 c5 2. Nf3 d6 3. d4 cxd4 4. Qxd4 Nf6 5. c4 Nc6 6. Qd3 g6 7. Nc3 Bg7 8. Be2
O-O 9. O-O Bg4 10. Rb1 Nd7 11. Bf4 Rc8 12. Qe3 Qa5 13. b4 Nxb4 14. Rxb4 Qxb4
15. Nd5 Qc5 16. Nxe7+ Kh8 17. Nxc8 Rxc8 18. Qd2 Bxf3 19. Bxd6 Qd4 20. Qxd4 Bxd4
21. gxf3 Be5 22. c5 Bd4 23. Rb1 Nxc5 24. Rb4 Ne6 25. Rxb7 Rc1+ 26. Kg2 Rc2 27.
Kf1 Rc1+ 28. Kg2 Rc2 29. Kf1 Rc1+ 30. Kg2 Rc2 1/2-1/2

[Event "43. Olimpiada Batumi 2018 Femenina"]
[Site "Batumi GEO"]
[Date "2018.10.04"]
[Round "10.1"]
[White "Ordaz Valdes, Lisandra Teresa"]
[Black "Terao, Juliana Sayumi"]
[Result "1/2-1/2"]
[WhiteElo "2415"]
[BlackElo "2255"]
[PlyCount "148"]
[EventDate "2018.09.24"]
[EventType "team-swiss"]
[EventRounds "11"]
[EventCountry "GEO"]
[SourceTitle "Ajedrez en Madrid"]
[Source "lmi"]
[SourceDate "2018.09.24"]
[WhiteTeam "Cuba"]
[BlackTeam "Brazil"]
[WhiteTeamCountry "CUB"]
[BlackTeamCountry "BRA"]

1. d4 Nf6 2. c4 e6 3. Nc3 Bb4 4. Nf3 d5 5. Bg5 h6 6. Bxf6 Qxf6 7. Qa4+ Nc6 8.
e3 O-O 9. Rc1 Rd8 10. Qb3 dxc4 11. Qxc4 Bf8 12. Be2 Bd7 13. O-O a6 14. a3 Be8
15. b4 g6 16. Rfd1 Bg7 17. Ne4 Qe7 18. Nc5 Rdb8 19. Nb3 Rc8 20. Bd3 Nb8 21. Be4
c6 22. Ne5 Nd7 23. f4 Nf6 24. Bf3 Nd5 25. Qd3 Rd8 26. Na5 g5 27. g3 Rac8 28.
Qe2 f6 29. Nec4 b6 30. Nb3 Rb8 31. e4 Nc7 32. fxg5 hxg5 33. Kh1 Nb5 34. Qe1 e5
35. dxe5 fxe5 36. Rxd8 Qxd8 37. Rd1 Nd4 38. Nxd4 exd4 39. e5 c5 40. Nd6 Qe7 41.
bxc5 bxc5 42. Nxe8 Qxe8 43. Bd5+ Kh8 44. e6 Bf6 45. Qe2 Rb6 46. Rf1 Kg7 47. Qe4
Qg6 48. Rf5 Rb8 49. Bc6 Qh5 50. Rf2 Qg6 51. Qd5 Rb1+ 52. Kg2 Re1 53. Qd7+ Kh6
54. Qc8 Bg7 55. Bd5 g4 56. Qb8 Re5 57. Qb3 Qh5 58. Bc4 Qg6 59. Bd5 d3 60. Qc4
Qh5 61. Be4 Qe8 62. Qxd3 Qxe6 63. Re2 Bf6 64. h3 gxh3+ 65. Kh2 Bg5 66. Bf3
Rxe2+ 67. Bxe2 a5 68. Bf1 Qf6 69. Bxh3 Qf2+ 70. Bg2 Bf6 71. Qd6 Qd4 72. Qf8+
Bg7 73. Qf5 Qe5 74. Qd3 Qh5+ 1/2-1/2

[Event "43. Olimpiada Batumi 2018 Femenina"]
[Site "Batumi GEO"]
[Date "2018.10.04"]
[Round "10.2"]
[White "Alboredo, Julia"]
[Black "Marrero Lopez, Yaniet"]
[Result "0-1"]
[WhiteElo "2174"]
[BlackElo "2281"]
[PlyCount "56"]
[EventDate "2018.09.24"]
[EventType "team-swiss"]
[EventRounds "11"]
[EventCountry "GEO"]
[SourceTitle "Ajedrez en Madrid"]
[Source "lmi"]
[SourceDate "2018.09.24"]
[WhiteTeam "Brazil"]
[BlackTeam "Cuba"]
[WhiteTeamCountry "BRA"]
[BlackTeamCountry "CUB"]

1. e4 e5 2. Nf3 Nc6 3. Bb5 a6 4. Ba4 Nf6 5. O-O b5 6. Bb3 Bb7 7. Re1 Bc5 8. c3
d6 9. d4 Bb6 10. a4 O-O 11. Bg5 h6 12. Bh4 g5 13. Nxg5 hxg5 14. Bxg5 Kg7 15.
Qf3 exd4 16. axb5 axb5 17. Rxa8 Bxa8 18. Nd2 dxc3 19. bxc3 Ne5 20. Qf5 Bb7 21.
Bd1 Bc8 22. Qf4 Nd3 23. Bxf6+ Qxf6 24. Qg3+ Kh8 25. Rf1 Ne5 26. c4 Rg8 27. Qc3
b4 28. Qb3 Qg5 0-1

[Event "43. Olimpiada Batumi 2018 Femenina"]
[Site "Batumi GEO"]
[Date "2018.10.04"]
[Round "10.3"]
[White "Llaudy Pupo, Lisandra"]
[Black "Librelato, Kathie Goulart"]
[Result "0-1"]
[WhiteElo "2294"]
[BlackElo "2110"]
[PlyCount "86"]
[EventDate "2018.09.24"]
[EventType "team-swiss"]
[EventRounds "11"]
[EventCountry "GEO"]
[SourceTitle "Ajedrez en Madrid"]
[Source "lmi"]
[SourceDate "2018.09.24"]
[WhiteTeam "Cuba"]
[BlackTeam "Brazil"]
[WhiteTeamCountry "CUB"]
[BlackTeamCountry "BRA"]

1. e4 e5 2. Bc4 Nf6 3. d3 Nc6 4. Nf3 Bc5 5. c3 d6 6. h3 a6 7. Bb3 Ba7 8. Nbd2
h6 9. Nf1 d5 10. Qe2 O-O 11. g4 Qd6 12. Rg1 dxe4 13. dxe4 Na5 14. Bc2 Bd7 15.
Nh4 Rad8 16. g5 Nh7 17. gxh6 g6 18. a4 Qf6 19. Nf3 Be6 20. N1d2 Rd7 21. Rg3 c5
22. b3 Rfd8 23. Bb2 c4 24. b4 Bxf2+ 25. Qxf2 Rxd2 26. Nxd2 Qxf2+ 27. Kxf2 Rxd2+
28. Ke1 Rxc2 29. bxa5 Rxb2 30. Rd1 Nf6 31. Re3 Kh7 32. Rd6 Nh5 33. Re2 Rb1+ 34.
Kf2 Nf4 35. Red2 Nxh3+ 36. Ke3 Rb3 37. Rb6 Rxc3+ 38. Ke2 Nf4+ 39. Kf2 Nd3+ 40.
Kg2 Nc5 41. Kg1 Rb3 42. Rb2 Nxa4 43. R2xb3 cxb3 0-1

[Event "43. Olimpiada Batumi 2018 Femenina"]
[Site "Batumi GEO"]
[Date "2018.10.04"]
[Round "10.4"]
[White "Chang, Suzana"]
[Black "Miranda Llanes, Yerisbel"]
[Result "0-1"]
[WhiteElo "2037"]
[BlackElo "2239"]
[PlyCount "72"]
[EventDate "2018.09.24"]
[EventType "team-swiss"]
[EventRounds "11"]
[EventCountry "GEO"]
[SourceTitle "Ajedrez en Madrid"]
[Source "lmi"]
[SourceDate "2018.09.24"]
[WhiteTeam "Brazil"]
[BlackTeam "Cuba"]
[WhiteTeamCountry "BRA"]
[BlackTeamCountry "CUB"]

1. Nf3 Nf6 2. g3 d5 3. Bg2 Bg4 4. c4 c6 5. cxd5 cxd5 6. Qb3 Qc8 7. O-O Nc6 8.
d4 Bxf3 9. Bxf3 Nxd4 10. Qa4+ Nc6 11. Nc3 e6 12. Bf4 Bb4 13. Be5 Qd8 14. a3 Ba5
15. b4 Bb6 16. Rfd1 O-O 17. Bf4 Nd4 18. Rac1 Rc8 19. Be5 Nxf3+ 20. exf3 Nd7 21.
Bf4 Nb8 22. Bxb8 Rxb8 23. Rd3 Rc8 24. Rcd1 Rc4 25. Qb3 Qc7 26. Nb5 Qc6 27. a4
Rc8 28. Kg2 a6 29. Nd4 Bxd4 30. Rxd4 Rxd4 31. Rxd4 Qc2 32. Qxc2 Rxc2 33. b5
axb5 34. Rb4 bxa4 35. Rxb7 g5 36. Ra7 Ra2 0-1

[Event "43. Olimpiada Batumi 2018 Femenina"]
[Site "Batumi GEO"]
[Date "2018.10.04"]
[Round "10.1"]
[White "Geldiyeva, Mahri"]
[Black "Eric, Jovana"]
[Result "1/2-1/2"]
[WhiteElo "2139"]
[BlackElo "2261"]
[PlyCount "102"]
[EventDate "2018.09.24"]
[EventType "team-swiss"]
[EventRounds "11"]
[EventCountry "GEO"]
[SourceTitle "Ajedrez en Madrid"]
[Source "lmi"]
[SourceDate "2018.09.24"]
[WhiteTeam "Turkmenistan"]
[BlackTeam "Serbia"]
[WhiteTeamCountry "TKM"]
[BlackTeamCountry "SRB"]

1. d4 d6 2. e4 Nf6 3. Nc3 g6 4. Nf3 Bg7 5. Bg5 c6 6. a4 O-O 7. h3 Qc7 8. Be2 e5
9. O-O Nbd7 10. Qd2 exd4 11. Nxd4 Nc5 12. Bf3 Re8 13. Rfe1 Nfd7 14. b4 Ne6 15.
Nxe6 Rxe6 16. Bg4 Re8 17. Rad1 Nb6 18. Qd3 Bxg4 19. hxg4 Qd7 20. f3 Qe6 21. a5
Nc4 22. Bc1 Ne5 23. Qd2 Rad8 24. Ne2 Qc4 25. c3 d5 26. exd5 Rxd5 27. Qe3 Nxf3+
28. Qxf3 Rxe2 29. Rf1 Rxd1 30. Rxd1 Re8 31. Bd2 Rd8 32. Bg5 Rxd1+ 33. Qxd1 h6
34. Qd8+ Kh7 35. Bf6 Qxg4 36. Bxg7 Kxg7 37. Qb8 Qd1+ 38. Kh2 Qh5+ 39. Kg1 Qb5
40. Qxa7 h5 41. Qd4+ f6 42. Qd7+ Kh6 43. Qe7 Kg5 44. c4 Qxc4 45. Qxb7 Qe4 46.
a6 h4 47. a7 Qe1+ 48. Kh2 Qg3+ 49. Kh1 Qe1+ 50. Kh2 Qg3+ 51. Kh1 Qe1+ 1/2-1/2

[Event "43. Olimpiada Batumi 2018 Femenina"]
[Site "Batumi GEO"]
[Date "2018.10.04"]
[Round "10.2"]
[White "Velikic, Adela"]
[Black "Hallaeva, Bahar"]
[Result "1-0"]
[WhiteElo "2339"]
[BlackElo "2098"]
[PlyCount "147"]
[EventDate "2018.09.24"]
[EventType "team-swiss"]
[EventRounds "11"]
[EventCountry "GEO"]
[SourceTitle "Ajedrez en Madrid"]
[Source "lmi"]
[SourceDate "2018.09.24"]
[WhiteTeam "Serbia"]
[BlackTeam "Turkmenistan"]
[WhiteTeamCountry "SRB"]
[BlackTeamCountry "TKM"]

1. d4 Nf6 2. c4 b6 3. Nc3 Bb7 4. Qc2 d5 5. cxd5 Nxd5 6. e4 Nxc3 7. bxc3 e6 8.
Nf3 Be7 9. Bb5+ c6 10. Bd3 c5 11. O-O cxd4 12. cxd4 O-O 13. Bb2 Nc6 14. a3 Rc8
15. Qe2 Bf6 16. Rad1 Na5 17. Rfe1 g6 18. Ne5 Qe7 19. Ng4 Bg7 20. d5 e5 21. Ne3
Rfd8 22. Ba6 Bxa6 23. Qxa6 Qb7 24. Qd3 Qd7 25. h3 b5 26. Qd2 Nb7 27. f4 f6 28.
fxe5 fxe5 29. Ng4 Qe7 30. a4 b4 31. Rf1 a5 32. Bc1 Nd6 33. Rde1 Rf8 34. Rxf8+
Rxf8 35. Kh1 Rf4 36. Qd3 Rxg4 37. g3 Rg5 38. Bxg5 Qxg5 39. Kh2 Bh6 40. Re2 Qd8
41. Rc2 Bf8 42. Qf3 Qe8 43. Qg4 Qf7 44. Kg2 Qe7 45. h4 Bh6 46. Qe2 Qd7 47. Rc6
Bf8 48. h5 g5 49. h6 Qf7 50. Qg4 Qg6 51. Qe6+ Qxe6 52. dxe6 b3 53. Rb6 b2 54.
Rxb2 Bxh6 55. Rb8+ Kg7 56. Rd8 Nxe4 57. e7 Nf6 58. e8=Q Nxe8 59. Rxe8 g4 60.
Rxe5 Bd2 61. Rd5 Bb4 62. Rg5+ Kf6 63. Rxg4 Kf5 64. Kf3 Be1 65. Rh4 Kg6 66. Kg4
Bf2 67. Rh5 Bxg3 68. Rxa5 Be1 69. Ra6+ Kf7 70. Kf5 h5 71. a5 Bc3 72. Ra7+ Ke8
73. a6 Kd8 74. Rh7 1-0

[Event "43. Olimpiada Batumi 2018 Femenina"]
[Site "Batumi GEO"]
[Date "2018.10.04"]
[Round "10.3"]
[White "Ovezdurdiyeva, Jemal"]
[Black "Injac, Teodora"]
[Result "1-0"]
[WhiteElo "2075"]
[BlackElo "2241"]
[PlyCount "67"]
[EventDate "2018.09.24"]
[EventType "team-swiss"]
[EventRounds "11"]
[EventCountry "GEO"]
[SourceTitle "Ajedrez en Madrid"]
[Source "lmi"]
[SourceDate "2018.09.24"]
[WhiteTeam "Turkmenistan"]
[BlackTeam "Serbia"]
[WhiteTeamCountry "TKM"]
[BlackTeamCountry "SRB"]

1. d4 Nf6 2. c4 g6 3. Nc3 Bg7 4. Bg5 d6 5. e3 O-O 6. Be2 c5 7. Nf3 Nc6 8. d5
Nb8 9. O-O h6 10. Bh4 g5 11. Bg3 Nh5 12. Qc2 f5 13. Nd2 Nxg3 14. fxg3 e6 15.
Bd3 Na6 16. a3 Qe7 17. e4 f4 18. gxf4 gxf4 19. dxe6 Qxe6 20. Nd5 Qe5 21. Nf3
Qxb2 22. Qa4 Bd4+ 23. Kh1 Bg4 24. Rab1 Qa2 25. Rxb7 Bxf3 26. gxf3 Nb8 27. Ne7+
Kf7 28. Nf5+ Kf6 29. Bc2 Rg8 30. Nxh6 Rh8 31. Rf7+ Ke6 32. e5 dxe5 33. Bf5+ Kd6
34. Rd7+ 1-0

[Event "43. Olimpiada Batumi 2018 Femenina"]
[Site "Batumi GEO"]
[Date "2018.10.04"]
[Round "10.4"]
[White "Gajcin, Marina"]
[Black "Shohradowa, Lala"]
[Result "1-0"]
[WhiteElo "2170"]
[BlackElo "1950"]
[PlyCount "107"]
[EventDate "2018.09.24"]
[EventType "team-swiss"]
[EventRounds "11"]
[EventCountry "GEO"]
[SourceTitle "Ajedrez en Madrid"]
[Source "lmi"]
[SourceDate "2018.09.24"]
[WhiteTeam "Serbia"]
[BlackTeam "Turkmenistan"]
[WhiteTeamCountry "SRB"]
[BlackTeamCountry "TKM"]

1. e4 e5 2. Nf3 Nc6 3. Bb5 Bc5 4. O-O d6 5. c3 Bd7 6. d4 exd4 7. cxd4 Bb6 8.
Bg5 Nge7 9. Nc3 h6 10. Be3 a6 11. Bc4 O-O 12. Qd2 Ng6 13. Nd5 Bg4 14. Bxh6 Bxf3
15. Nxb6 Qh4 16. Qg5 Qxg5 17. Bxg5 cxb6 18. gxf3 Nxd4 19. Be3 Nxf3+ 20. Kg2
Nfe5 21. Bd5 Nc6 22. Rfd1 Rac8 23. Bxb6 Nf4+ 24. Kg3 Nxd5 25. Rxd5 Ne5 26. Bd4
Rfd8 27. Rd1 Nc4 28. b3 Na3 29. Rg5 g6 30. Rg4 Kf8 31. Bf6 Ke8 32. Bxd8 Rxd8
33. Rf4 Ke7 34. Rf3 Rc8 35. Rfd3 Rc6 36. f4 Ke6 37. Kg4 Nc2 38. R1d2 Nb4 39.
Re3 Rc1 40. a3 Rg1+ 41. Kf3 Nc6 42. Red3 Rf1+ 43. Kg3 Rg1+ 44. Kf2 Rh1 45.
Rxd6+ Ke7 46. Kg2 Re1 47. Rd7+ Kf8 48. Rxb7 Rxe4 49. Rb6 Ne7 50. Kf3 f5 51.
Rb8+ Kf7 52. Re2 Rxe2 53. Kxe2 Nd5 54. Kf3 1-0